Revista de derecho procesal 2019 - 1 : la oralidad en el proceso /

Guardado en:
Formato: Libro
Idioma:Spanish
Publicado: Santa Fe : Rubinzal - Culzoni, 2018.
Edición:1a. ed. rev.
Materias:
Etiquetas: Agregar Etiqueta
Sin Etiquetas, Sea el primero en etiquetar este registro!
LEADER 00562nam a22001815a 4500
001 DER.der013880
008 190718s2018####ag#||||||||||||||#||spa||
005 20230613101947.0
245 1 0 |a Revista de derecho procesal 2019 - 1 :  |b la oralidad en el proceso /  |c Arazi, Roland. 
250 |a 1a. ed. rev. 
260 |a Santa Fe :  |b Rubinzal - Culzoni,  |c 2018. 
300 |a 600 p. 
020 |a 9789873013263 
700 1 |a Arazi, Roland,  |e dir. 
650 7 |a INSTANCIA REVISORIA 
650 7 |a AUDIENCIAS 
650 7 |a TUTELA TEMPRANA 
859 |a DERECHO  |b BIB. DERECHO  |h 347.05  |i REV  |p 008991